<?xml version="1.0" encoding="UTF-8"?><record xmlns="http://www.loc.gov/MARC21/slim" xmlns:zs="http://docs.oasis-open.org/ns/search-ws/sruResponse">
  <leader>00878cz  a2200229n  4500</leader>
  <controlfield tag="001">n  78093546 </controlfield>
  <controlfield tag="003">DLC</controlfield>
  <controlfield tag="005">20230908064624.0</controlfield>
  <controlfield tag="008">781213n| azannaabn          |n aaa      </controlfield>
  <datafield ind1=" " ind2=" " tag="010">
    <subfield code="a">n  78093546 </subfield>
  </datafield>
  <datafield ind1=" " ind2=" " tag="035">
    <subfield code="a">(OCoLC)oca00228645</subfield>
  </datafield>
  <datafield ind1=" " ind2=" " tag="040">
    <subfield code="a">DLC</subfield>
    <subfield code="b">eng</subfield>
    <subfield code="e">rda</subfield>
    <subfield code="c">DLC</subfield>
    <subfield code="d">DLC</subfield>
    <subfield code="d">UPB</subfield>
    <subfield code="d">OCoLC</subfield>
  </datafield>
  <datafield ind1=" " ind2=" " tag="046">
    <subfield code="f">1927-02-03</subfield>
    <subfield code="g">2003-07-05</subfield>
    <subfield code="2">edtf</subfield>
  </datafield>
  <datafield ind1=" " ind2="0" tag="053">
    <subfield code="a">PS3564.I946</subfield>
  </datafield>
  <datafield ind1="1" ind2=" " tag="100">
    <subfield code="a">Nixon, Joan Lowery</subfield>
  </datafield>
  <datafield ind1=" " ind2=" " tag="370">
    <subfield code="e">Houston (Tex.)</subfield>
    <subfield code="2">naf</subfield>
  </datafield>
  <datafield ind1=" " ind2=" " tag="374">
    <subfield code="a">Authors</subfield>
    <subfield code="2">lcsh</subfield>
  </datafield>
  <datafield ind1=" " ind2=" " tag="377">
    <subfield code="a">eng</subfield>
  </datafield>
  <datafield ind1=" " ind2=" " tag="670">
    <subfield code="a">Her Mystery of Hurricane ... 1964.</subfield>
  </datafield>
  <datafield ind1=" " ind2=" " tag="670">
    <subfield code="a">NY Times obit. July 7, 2003</subfield>
    <subfield code="b">(Joan Lowery Nixon; d. July 5, 2003, Houston)</subfield>
  </datafield>
  <datafield ind1=" " ind2=" " tag="670">
    <subfield code="a">Information from 678 converted Jan. 5, 2015</subfield>
    <subfield code="b">(b. Feb. 3, 1927)</subfield>
  </datafield>
  <datafield ind1=" " ind2=" " tag="670">
    <subfield code="a">Ghost town, 2000:</subfield>
    <subfield code="b">title page (by Joan Lowery Nixon) dust jacket (Joan Lowery Nixon is an author of multiple children's books for young readers; she and her husband live in Houston)</subfield>
  </datafield>
</record>
